| 000 | 00320 a2200133 4500 | ||
|---|---|---|---|
| 999 |
_c327583 _d327583 |
||
| 001 | 92510 | ||
| 003 | NUST | ||
| 005 | 20180120143850.0 | ||
| 008 | 180120b xxu||||| |||| 00| 0 eng d | ||
| 020 | _a978-1-84792-230-4 | ||
| 082 | _a363.32517/POW | ||
| 100 |
_aJonathan Powell _99236 |
||
| 245 | _aTalking to Terrorists | ||
| 260 |
_aLondon _bBodley Head _c2014 |
||
| 300 | _aiv,408p. | ||
| 942 |
_aCAE NUST _cBK _k363.32517/POW _2ddc |
||